000 01391nam a22003017a 4500
005 20080918163843.0
008 080918t xxu||||| |||| 00| 0 hin d
010 _aHIN-92714
020 _c200.00
_a9788190864770
035 _aHN-65060
037 _bDBAD / PUB
040 _aDPL
_bHN
082 _a821
100 _9747
_aआर्य, देवेन्द्र
245 _aआँगन उतरी धूप /
_cदेवेन्द्र आर्य
260 _aदिल्ली
_bसाहित्य सहकार प्रकाशन
_c2011
270 _a29/62, गली नं11, विश्वास नगर
_bदिल्ली
_e110032
300 _a120पृ.
_c22सेमी (सजिल्द)
650 _9697
_aहिन्दी कविता
650 _9698
_aHindi Poetry
700 _927881
700 _927882
700 _927883
942 _2ddc
_cHN
_mआर्यदे
_h821
999 _c52472
_d52472